| 000 | 00912nam a22002897a 4500 | ||
|---|---|---|---|
| 001 | 109 | ||
| 003 | FISKH | ||
| 005 | 20250307104621.0 | ||
| 008 | 230227b cb ||||| |||| 00| 0 eng d | ||
| 040 |
_aIVU _cIVU _dOCLCG _dDLC _dFISKH _beng |
||
| 042 | _alccopycat | ||
| 050 | 0 | 0 |
_aPZ7.Y44 _bSt 1991b |
| 082 | _a813.54 | ||
| 100 | 1 |
_aYep, Laurence, _d1948- |
|
| 245 | 1 | 4 |
_aThe star fisher / _cby Laurence Yep. |
| 260 |
_aNew York _bScholastic _cc1991. |
||
| 300 |
_a240 p. ; _c19 cm. |
||
| 505 | _aS | ||
| 520 | _aFifteen-year-old Joan Lee and her family find the adjustment hard when they move from Ohio to West Virginia in the 1920's. | ||
| 521 | 8 |
_a790
_bLexile |
|
| 521 | 8 |
_aS
_bRaz-Plus |
|
| 650 | 0 |
_aChinese Americans _vJuvenile fiction. |
|
| 650 | 0 |
_aPrejudices _vJuvenile fiction. |
|
| 830 | 0 | _aExchange (Hampton-Brown) | |
| 906 |
_a7 _bcbc _ccopycat _d2 _encip _f20 _gy-gencatlg |
||
| 942 |
_2ddc _cBK _n0 |
||
| 999 |
_c109 _d109 |
||